Score 0/20 Timer 03:00
1 Play Today
% Correct
Egypt
93.5%
Elbow
91.8%
Eddy
88.7%
Ethiopia
80.3%
Eyelid
77.2%
Ecuador
76.1%
Estonia
66.1%
Earlobe
64.5%
Elephant
56.3%
Edison
53.5%
% Correct
Eritrea
52.1%
Eland
51%
Earthworm
43.9%
Esophagus
42.8%
Eisenhower
41.4%
Ermine
38.1%
Einstein
35%
Echidna
26.8%
Epidermis
24.9%
Eastwood
15%

You're not logged in!

Compare scores with friends on all Sporcle quizzes.
OR
Log In

Sporcle TV

Today on Sporcle TV


Watch our educational content, quiz creation guides, and fun videos on Sporcle TV.

Show Comments

Extras

Top Quizzes Today


Score Distribution

Your Account Isn't Verified!

In order to create a playlist on Sporcle, you need to verify the email address you used during registration. Go to your Sporcle Settings to finish the process.

Report this User

Report this user for behavior that violates our Community Guidelines.

Details: